000 00332 a2200157 4500
001 70991
020 _a8573895675
040 _cAnchieta - Itaigara
100 _aGoulart, Yedda
240 1 0 _aUrsinho catavento
_lpor
245 1 0 _aUrsinho catavento
300 _a10
362 0 _a0
650 4 _aLiteratura infantil
942 _cBK
999 _c70991
_d70991